000 00234nam a2200097Ia 4500
001 1229069
005 20250827093054.0
008 250824s9999 xx 000 0 und d
245 0 _aOTRAN
_cGÜLTEN DAYIOĞLU
260 _bALTIN KİTAPLAR
999 _c1229069
_d1229069